[Event "Jiraskuv memorial A"]
[Site "Rakovnik"]
[Date "2012.08.04"]
[Round "1"]
[White "Nemec, David"]
[Black "Hinz, Frantisek"]
[Result "1-0"]
[WhiteElo "2017"]
[BlackElo "1902"]
[Annotator "Lev,Pavel"]
[PlyCount "107"]
[EventDate "2012.08.??"]
[EventType "swiss"]
[EventRounds "9"]
[EventCountry "CZE"]

1. f4 Nc6 2. Nf3 e6 3. e3 Nf6 4. d4 Bb4+ 5. c3 Be7 6. Bd3 b6 7. O-O Bb7 8. Nbd2
O-O 9. Qe2 d6 10. Ng5 h6 11. Nge4 Rb8 12. Rf3 e5 13. Rh3 Bc8 14. Rg3 Nxe4 15.
Bxe4 Bh4 16. Bxc6 Bxg3 17. hxg3 exd4 18. exd4 Bd7 19. d5 Bxc6 20. dxc6 Qe8 21.
Qf3 Qe1+ 22. Nf1 Rfe8 23. g4 Qe4 24. Be3 Qc2 25. Qf2 Qe4 26. Qf3 Qc2 27. b3
Qxc3 28. Rc1 Qb2 29. Qf2 Qf6 30. Bd4 Qg6 31. Qf3 Qe4 32. Ba1 Qe2 33. Ng3 Qe3+
34. Qxe3 Rxe3 35. Nf5 Re6 36. Bxg7 Rg6 37. Bxh6 Rxg4 38. g3 Kh7 39. Bg5 f6 40.
Bxf6 Rbg8 41. Bh4 Rf8 42. Ne7 Rg7 43. Kf2 Re8 44. Nd5 Rf7 45. Nf6+ Kg6 46. Nxe8
Rh7 47. Re1 Kf5 48. Kf3 Rh8 49. Nxc7 Rc8 50. Re7 d5 51. g4+ Kg6 52. f5+ Kh6 53.
Kf4 Rh8 54. Bg5# 1-0

[Event "Jiraskuv memorial A"]
[Site "Rakovnik"]
[Date "2012.08.04"]
[Round "1"]
[White "Rous, Daniel"]
[Black "Simecek, Bohumil"]
[Result "1-0"]
[WhiteElo "1981"]
[BlackElo "2111"]
[Annotator "Lev,Pavel"]
[PlyCount "67"]
[EventDate "2012.08.??"]
[EventType "swiss"]
[EventRounds "9"]
[EventCountry "CZE"]

1. Nf3 d5 2. c4 c6 3. d4 Nf6 4. Nc3 g6 5. g3 Bg7 6. Bg2 O-O 7. O-O Ne4 8. cxd5
Nxc3 9. bxc3 cxd5 10. Rb1 Nc6 11. Qa4 Na5 12. Nd2 Bf5 13. Rb5 Bd7 14. Qxa5 b6
15. Qa6 Bxb5 16. Qxb5 e6 17. Ba3 Re8 18. e3 Rc8 19. c4 a6 20. Qb3 Bf8 21. Bxf8
dxc4 22. Nxc4 Rxf8 23. Bb7 Rb8 24. Bxa6 Qd5 25. a4 h5 26. Qb5 Qe4 27. Qe5 Qc2
28. Bb5 Rfd8 29. Qf6 Qf5 30. Qxf5 gxf5 31. Ne5 Rd6 32. Rc1 Rb7 33. Rc8+ Kg7 34.
Nc4 1-0

[Event "Jiraskuv memorial A"]
[Site "Rakovnik"]
[Date "2012.08.04"]
[Round "1"]
[White "Lavrincik, Pavel"]
[Black "Novak, Jindrich"]
[Result "1/2-1/2"]
[WhiteElo "1898"]
[BlackElo "2041"]
[Annotator "Lev,Pavel"]
[PlyCount "108"]
[EventDate "2012.08.??"]
[EventType "swiss"]
[EventRounds "9"]
[EventCountry "CZE"]

1. c4 g5 2. Nc3 Bg7 3. e4 d6 4. g3 h5 5. d3 g4 6. h4 gxh3 7. Bxh3 Nf6 8. Bxc8
Qxc8 9. Bg5 Qg4 10. Qxg4 hxg4 11. Rxh8+ Bxh8 12. O-O-O Nc6 13. Nge2 Ne5 14. Rh1
Kd7 15. Kc2 a6 16. b3 Rg8 17. Be3 c5 18. d4 cxd4 19. Nxd4 Nf3 20. Nxf3 gxf3 21.
Kd3 Ng4 22. Nb1 Ne5+ 23. Kc2 b5 24. Nd2 bxc4 25. bxc4 Bf6 26. Bd4 Ng4 27. Bxf6
Nxf6 28. Kd3 Ng4 29. Rf1 Ne5+ 30. Ke3 Rb8 31. Rb1 Nxc4+ 32. Kd3 Ne5+ 33. Ke3
Rxb1 34. Nxb1 Kc6 35. Nc3 e6 36. Nb1 Kc5 37. Nd2 Nc4+ 38. Nxc4 Kxc4 39. Kxf3
Kd4 40. Kf4 f6 41. g4 a5 42. f3 a4 43. g5 e5+ 44. Kf5 fxg5 45. Kxg5 Ke3 46. Kg4
Kd2 47. f4 exf4 48. Kxf4 Kc2 49. e5 dxe5+ 50. Kxe5 Kb2 51. Kd4 Kc2 52. Kc4 a3
53. Kd4 Kb2 54. Kd3 Kxa2 1/2-1/2

[Event "Jiraskuv memorial A"]
[Site "Rakovnik"]
[Date "2012.08.04"]
[Round "1"]
[White "Horyna, Josef"]
[Black "Trnka, Miroslav"]
[Result "0-1"]
[WhiteElo "1878"]
[BlackElo "2012"]
[Annotator "Lev,Pavel"]
[PlyCount "42"]
[EventDate "2012.08.??"]
[EventType "swiss"]
[EventRounds "9"]
[EventCountry "CZE"]

1. d4 g6 2. e4 Bg7 3. Nf3 d6 4. h3 Nc6 5. c3 Nf6 6. Bd3 O-O 7. O-O e5 8. d5 Ne7
9. Be3 Ne8 10. Qc1 f5 11. Bg5 f4 12. c4 h6 13. Bxe7 Qxe7 14. Nbd2 g5 15. b4 h5
16. c5 g4 17. hxg4 hxg4 18. Ne1 Qh4 19. g3 fxg3 20. fxg3 Qxg3+ 21. Kh1 Bh6 0-1

[Event "Jiraskuv memorial A"]
[Site "Rakovnik"]
[Date "2012.08.04"]
[Round "1"]
[White "Kozlovsky, Libor"]
[Black "Maeder, Juergen"]
[Result "1-0"]
[WhiteElo "2015"]
[BlackElo "1895"]
[Annotator "Lev,Pavel"]
[PlyCount "41"]
[EventDate "2012.08.??"]
[EventType "swiss"]
[EventRounds "9"]
[EventCountry "CZE"]

1. e4 c5 2. d4 cxd4 3. c3 d5 4. exd5 Qxd5 5. cxd4 Nc6 6. Nf3 e6 7. Nc3 Qd8 8.
Bc4 Nf6 9. O-O Be7 10. Be3 O-O 11. Rc1 Nb4 12. Ne5 Nbd5 13. Qb3 Qd6 14. a3 a6
15. Bxd5 Nxd5 16. Ne4 Qd8 17. Rc2 f6 18. Nd3 b6 19. Nf4 Bd6 20. Nxd5 exd5 21.
Qxd5+ 1-0

[Event "Jiraskuv memorial A"]
[Site "Rakovnik"]
[Date "2012.08.04"]
[Round "1"]
[White "Novy, Daniel"]
[Black "Volek, Stanislav"]
[Result "1/2-1/2"]
[WhiteElo "1991"]
[BlackElo "1861"]
[Annotator "Lev,Pavel"]
[PlyCount "57"]
[EventDate "2012.08.??"]
[EventType "swiss"]
[EventRounds "9"]
[EventCountry "CZE"]

1. e4 e6 2. d4 d5 3. exd5 exd5 4. Bd3 c5 5. c3 cxd4 6. cxd4 Nc6 7. Be3 Nf6 8.
h3 Qb6 9. Ne2 Qxb2 10. Nd2 Bb4 11. O-O Bxd2 12. Bxd2 O-O 13. Bg5 Ne4 14. Bxe4
dxe4 15. d5 Ne5 16. Be7 Re8 17. d6 Nd3 18. Qa4 Bf5 19. Ng3 Qe5 20. Nxf5 Qxf5
21. Rab1 b6 22. Qd4 Qe5 23. Qxe5 Nxe5 24. Rfc1 Rac8 25. Rc7 Rxc7 26. dxc7 Rc8
27. Rb5 f6 28. Bd8 Kf7 29. Rb4 1/2-1/2

[Event "Jiraskuv memorial A"]
[Site "Rakovnik"]
[Date "2012.08.04"]
[Round "1"]
[White "Hansch, Stephan"]
[Black "Cap, Adam"]
[Result "0-1"]
[WhiteElo "1920"]
[BlackElo "2074"]
[Annotator "Lev,Pavel"]
[PlyCount "46"]
[EventDate "2012.08.??"]
[EventType "swiss"]
[EventRounds "9"]
[EventCountry "CZE"]

1. d4 Nf6 2. c4 c5 3. d5 g6 4. g3 d6 5. Bg2 Bg7 6. Nc3 O-O 7. Nf3 Na6 8. O-O
Rb8 9. e4 Nc7 10. Qe2 a6 11. e5 Nd7 12. Bf4 Re8 13. Rfe1 b5 14. e6 fxe6 15.
dxe6 Nf8 16. Ng5 Nfxe6 17. Bd5 Nxd5 18. Nxd5 Nxf4 19. Nxe7+ Rxe7 20. Qxe7 Nh3+
21. Nxh3 Bxh3 22. Qa7 Qf8 23. Re2 Qf3 0-1

[Event "Jiraskuv memorial A"]
[Site "Rakovnik"]
[Date "2012.08.04"]
[Round "1"]
[White "Wasserbauer, Radek"]
[Black "Hansch, Karsten"]
[Result "1-0"]
[WhiteElo "2199"]
[BlackElo "2019"]
[Annotator "Lev,Pavel"]
[PlyCount "75"]
[EventDate "2012.08.??"]
[EventType "swiss"]
[EventRounds "9"]
[EventCountry "CZE"]

1. e4 c5 2. c3 d5 3. exd5 Qxd5 4. d4 Nc6 5. dxc5 Qxd1+ 6. Kxd1 e5 7. Be3 Nf6 8.
Bb5 Ng4 9. b4 Nxe3+ 10. fxe3 Bg4+ 11. Ke1 O-O-O 12. Nf3 Bxf3 13. gxf3 e4 14.
Bxc6 bxc6 15. fxe4 g6 16. Ke2 Bg7 17. Rc1 Rhe8 18. Nd2 Re5 19. Nc4 Rh5 20. Nd6+
Kc7 21. Rf1 Rxh2+ 22. Kd3 f5 23. exf5 Be5 24. fxg6 Bxd6 25. cxd6+ Rxd6+ 26. Kc4
Rxg6 27. Rf7+ Kb6 28. Rd1 Rh4+ 29. Rd4 Rgg4 30. a4 a5 31. b5 Rxd4+ 32. exd4 Rh6
33. Re7 cxb5+ 34. axb5 a4 35. Kb4 Rd6 36. Rxh7 a3 37. Kxa3 Rd5 38. Rh6+ 1-0

[Event "Jiraskuv memorial A"]
[Site "Rakovnik"]
[Date "2012.08.04"]
[Round "1"]
[White "Sibl, Vaclav"]
[Black "Haman, Jakub"]
[Result "0-1"]
[WhiteElo "1961"]
[BlackElo "2137"]
[Annotator "Lev,Pavel"]
[PlyCount "82"]
[EventDate "2012.08.??"]
[EventType "swiss"]
[EventRounds "9"]
[EventCountry "CZE"]

1. d4 d6 2. Bf4 Nf6 3. e3 g6 4. Nf3 Bg7 5. Be2 O-O 6. h3 a6 7. c4 Nbd7 8. Nc3
c5 9. O-O Rb8 10. Rc1 b6 11. Qc2 Bb7 12. Bh2 Qc7 13. b3 Rfc8 14. Qb1 Ba8 15.
Rfe1 Qd8 16. Red1 Rc7 17. d5 Rcb7 18. a4 Ne8 19. Qc2 Ra7 20. h4 Ndf6 21. Ng5 h6
22. Nf3 Bb7 23. e4 Bc8 24. Nd2 Ng4 25. Bg3 Nef6 26. Nf1 Nh5 27. Bf3 Nxg3 28.
Nxg3 Bd4 29. Bxg4 Bxg4 30. Re1 e5 31. dxe6 Qxh4 32. Qd3 fxe6 33. Nce2 Bxe2 34.
Rxe2 Be5 35. Nf1 Rf8 36. g3 Qg5 37. Rb1 Raf7 38. Nh2 Bd4 39. Rf1 Rf3 40. Nxf3
Qxg3+ 41. Kh1 Qh3+ 0-1

[Event "Jiraskuv memorial A"]
[Site "Rakovnik"]
[Date "2012.08.04"]
[Round "1"]
[White "Hansch, Torsten"]
[Black "Kotrba, Matej"]
[Result "1-0"]
[WhiteElo "2080"]
[BlackElo "1961"]
[Annotator "Lev,Pavel"]
[PlyCount "67"]
[EventDate "2012.08.??"]
[EventType "swiss"]
[EventRounds "9"]
[EventCountry "CZE"]

1. d4 Nf6 2. c4 e5 3. dxe5 Ng4 4. Nf3 Nc6 5. e3 Ngxe5 6. Be2 Bb4+ 7. Nbd2 d6 8.
O-O Be6 9. a3 Bxd2 10. Nxd2 h5 11. b4 Qh4 12. Bb2 Bxc4 13. Nxc4 Nxc4 14. Bxc4
Qxc4 15. Rc1 Qb5 16. Bxg7 Rg8 17. Bc3 Qf5 18. f4 O-O-O 19. Qf3 Rde8 20. a4 Qd3
21. Rfe1 Re6 22. b5 Ne7 23. Ba5 Nd5 24. Rcd1 Qc2 25. Rxd5 Qxa4 26. Bd2 Reg6 27.
Re2 h4 28. Be1 Qa1 29. Kf1 f6 30. Rh5 Qd1 31. Qd5 Qc1 32. Qf5+ Kd8 33. Rh7 c6
34. Qd7# 1-0

[Event "Jiraskuv memorial A"]
[Site "Rakovnik"]
[Date "2012.08.04"]
[Round "1"]
[White "Cozl, David"]
[Black "Tejkal, Jiri"]
[Result "0-1"]
[WhiteElo "2044"]
[BlackElo "1929"]
[Annotator "Lev,Pavel"]
[PlyCount "105"]
[EventDate "2012.08.??"]
[EventType "swiss"]
[EventRounds "9"]
[EventCountry "CZE"]

1. Nf3 d5 2. c4 c6 3. g3 Nf6 4. Bg2 Bf5 5. cxd5 cxd5 6. Nc3 e6 7. O-O Be7 8. d3
Nc6 9. Nb5 h6 10. Bf4 O-O 11. Nbd4 Nxd4 12. Nxd4 Bg6 13. Qb3 Qd7 14. Rac1 Rac8
15. Nf3 Rxc1 16. Rxc1 Rc8 17. Rc3 Rxc3 18. Qxc3 Bh7 19. Ne5 Qd8 20. Be3 a6 21.
a4 Nd7 22. Ng4 h5 23. Ne5 Nxe5 24. Qxe5 Bf6 25. Qxh5 Bxb2 26. Qg4 Bf6 27. Qb4
Qc7 28. h4 Be7 29. Qb6 Qxb6 30. Bxb6 Bg6 31. e4 dxe4 32. dxe4 e5 33. f3 f6 34.
Bh3 Be8 35. a5 Bc6 36. Be6+ Kf8 37. Kf2 Bb4 38. h5 Ke7 39. Bc4 Kd6 40. Ke2 Bc5
41. h6 gxh6 42. Bd8 Bb4 43. Bxf6 Bxa5 44. Bg7 b5 45. Bd3 h5 46. f4 Bc3 47. f5
Be8 48. Bf8+ Kc6 49. Bc2 Bf7 50. Bg7 a5 51. Kd3 Bd4 52. Bd1 a4 53. Bf8 0-1

[Event "Jiraskuv memorial A"]
[Site "Rakovnik"]
[Date "2012.08.04"]
[Round "1"]
[White "Dungl, Petr"]
[Black "Kovar, Jan"]
[Result "1/2-1/2"]
[WhiteElo "1861"]
[BlackElo "2028"]
[Annotator "Lev,Pavel"]
[PlyCount "147"]
[EventDate "2012.08.??"]
[EventType "swiss"]
[EventRounds "9"]
[EventCountry "CZE"]

1. d4 Nf6 2. c4 g6 3. Nc3 d5 4. cxd5 Nxd5 5. Bd2 Bg7 6. e4 Nxc3 7. Bxc3 O-O 8.
Nf3 c6 9. Be2 Nd7 10. O-O Nf6 11. Qc2 Qc7 12. Ne5 Rd8 13. Rad1 Bd7 14. b4 Ne8
15. Nxd7 Rxd7 16. e5 e6 17. Qe4 Rad8 18. g4 Qb6 19. a4 a6 20. Rb1 Nc7 21. a5
Qa7 22. h4 Nd5 23. Ba1 Bf8 24. Bc4 Nxb4 25. Bb3 Qb8 26. h5 Nd5 27. hxg6 fxg6
28. f4 Rf7 29. Rf3 Bb4 30. f5 Rdf8 31. Rbf1 gxf5 32. gxf5 Rg7+ 33. Kh1 Qe8 34.
Qh4 exf5 35. Rxf5 Qg6 36. Rxf8+ Bxf8 37. Qf2 Qh6+ 38. Qh2 Qe3 39. Bc2 h6 40.
Qh4 Ne7 41. Bb2 Qe2 42. Qf2 Qh5+ 43. Qh2 Qxh2+ 44. Kxh2 Nd5 45. Bc1 Rg4 46. Bf5
Rh4+ 47. Kg3 Be7 48. Be6+ Kh8 49. Rf7 Bg5 50. Rf8+ Kg7 51. Rf7+ Kg6 52. Bxg5
hxg5 53. Bxd5 cxd5 54. Rxb7 Rxd4 55. Rb6+ Kf5 56. Rxa6 Rd3+ 57. Kf2 Kxe5 58.
Rg6 Kf5 59. Rg8 Ra3 60. Ra8 Kf4 61. a6 Ra2+ 62. Ke1 Ke3 63. Re8+ Kd4 64. Rg8
Rxa6 65. Rxg5 Ra2 66. Rg3 Kc4 67. Kd1 d4 68. Rh3 Rg2 69. Rf3 Rh2 70. Rg3 Rh1+
71. Kd2 Rh4 72. Rf3 d3 73. Rf8 Rh2+ 74. Kd1 1/2-1/2

[Event "Jiraskuv memorial A"]
[Site "Rakovnik"]
[Date "2012.08.04"]
[Round "1"]
[White "Hadzala, Daniel"]
[Black "Masek, Jan"]
[Result "1-0"]
[WhiteElo "2127"]
[BlackElo "1949"]
[Annotator "Lev,Pavel"]
[PlyCount "129"]
[EventDate "2012.08.??"]
[EventType "swiss"]
[EventRounds "9"]
[EventCountry "CZE"]

1. Nf3 Nf6 2. g3 Nc6 3. c4 e5 4. Nc3 Bc5 5. Bg2 e4 6. Ng5 Bxf2+ 7. Kxf2 Ng4+ 8.
Kg1 Qxg5 9. Nxe4 Qe5 10. e3 d6 11. d4 Qe7 12. Qe2 O-O 13. Nc3 Re8 14. Nd5 Qd8
15. Qd3 Ne7 16. h3 Nh6 17. e4 Nxd5 18. cxd5 f5 19. Bxh6 gxh6 20. Kh2 Qg5 21.
Rhf1 Bd7 22. Rf4 fxe4 23. Bxe4 Re7 24. Raf1 Rae8 25. Qf3 Qg7 26. Rf2 h5 27.
Qxh5 Rxe4 28. Rf7 Qg6 29. Qxg6+ hxg6 30. Rxd7 Re2 31. Kg2 R8e7 32. Rxe7 Rxe7
33. h4 Kg7 34. Rc2 Kh6 35. a3 g5 36. Kh3 gxh4 37. Kxh4 Kg6 38. g4 Rh7+ 39. Kg3
Kg5 40. Rf2 Re7 41. Rf5+ Kg6 42. Rf8 Re2 43. Rg8+ Kf6 44. Rc8 Rxb2 45. Rxc7 Kg5
46. Rg7+ Kf6 47. Rd7 Kg5 48. Rxd6 Rb3+ 49. Kf2 Kxg4 50. Ke2 Kf5 51. Re6 Rxa3
52. Re5+ Kf6 53. d6 Ra6 54. Rd5 Ke6 55. d7 Kxd5 56. d8=Q+ Ke4 57. Kd2 Ra2+ 58.
Kc3 Ra3+ 59. Kb4 Rd3 60. Kc4 b5+ 61. Kc5 Rc3+ 62. Kxb5 Kd3 63. d5 Rb3+ 64. Ka4
Rb6 65. Qxb6 1-0

[Event "Jiraskuv memorial A"]
[Site "Rakovnik"]
[Date "2012.08.05"]
[Round "2"]
[White "Kovar, Jan"]
[Black "Rous, Daniel"]
[Result "1-0"]
[WhiteElo "2028"]
[BlackElo "1981"]
[Annotator "Lev,Pavel"]
[PlyCount "55"]
[EventDate "2012.08.??"]
[EventType "swiss"]
[EventRounds "9"]
[EventCountry "CZE"]

1. d4 Nf6 2. c4 g6 3. Nc3 d5 4. Nf3 Bg7 5. Bg5 Ne4 6. e3 Nxg5 7. Nxg5 e6 8. Nf3
O-O 9. Qb3 dxc4 10. Bxc4 Nc6 11. Bd3 e5 12. d5 Na5 13. Qa4 c5 14. Rd1 b6 15.
O-O Nb7 16. Bb5 Nd6 17. Bc6 Bb7 18. Ne4 Rb8 19. Nfd2 Bxc6 20. dxc6 Nxe4 21.
Nxe4 Qc8 22. Rd6 a6 23. Rfd1 Re8 24. Qc4 h6 25. Rd7 Rf8 26. c7 Rb7 27. Rxf7 b5
28. Rxg7+ 1-0

[Event "Jiraskuv memorial A"]
[Site "Rakovnik"]
[Date "2012.08.05"]
[Round "2"]
[White "Maeder, Juergen"]
[Black "Sibl, Vaclav"]
[Result "0-1"]
[WhiteElo "1895"]
[BlackElo "1961"]
[Annotator "Lev,Pavel"]
[PlyCount "58"]
[EventDate "2012.08.??"]
[EventType "swiss"]
[EventRounds "9"]
[EventCountry "CZE"]

1. d4 d6 2. Nf3 Bg4 3. Nbd2 Nd7 4. h3 Bh5 5. g3 c6 6. c3 Qc7 7. Qb3 e5 8. e4
Be7 9. Bg2 h6 10. a4 Ngf6 11. Qa2 Bg6 12. Nh4 Bh7 13. Nf5 Bxf5 14. exf5 d5 15.
O-O exd4 16. cxd4 O-O 17. Bf3 Bd6 18. Kg2 Rfe8 19. a5 Re7 20. b3 Bb4 21. Ba3
Qxa5 22. Bxb4 Qxb4 23. Qb2 a6 24. Ra4 Qd6 25. b4 Rae8 26. Raa1 Nb6 27. Rac1 Ne4
28. Bg4 Nxd2 29. Qxd2 Nc4 0-1

[Event "Jiraskuv memorial A"]
[Site "Rakovnik"]
[Date "2012.08.05"]
[Round "2"]
[White "Novak, Jindrich"]
[Black "Novy, Daniel"]
[Result "1-0"]
[WhiteElo "2041"]
[BlackElo "1991"]
[Annotator "Lev,Pavel"]
[PlyCount "101"]
[EventDate "2012.08.??"]
[EventType "swiss"]
[EventRounds "9"]
[EventCountry "CZE"]

1. e4 c5 2. c3 d5 3. d3 dxe4 4. dxe4 Qxd1+ 5. Kxd1 Nc6 6. Na3 Bd7 7. Be3 e5 8.
Bc4 O-O-O 9. Kc2 f5 10. Ne2 Nf6 11. Bg5 Be7 12. Bxf6 Bxf6 13. Ng3 fxe4 14. Nxe4
Bf5 15. f3 a6 16. Bd3 Bxe4 17. Bxe4 Kc7 18. Rad1 h6 19. Nc4 Rxd1 20. Rxd1 Rd8
21. Bxc6 Rxd1 22. Kxd1 Kxc6 23. Nd2 Kd5 24. Kc2 b6 25. b3 a5 26. a4 Bd8 27. Kd3
Bg5 28. c4+ Ke6 29. Ne4 Be7 30. Nc3 h5 31. Ke4 g6 32. Nd5 Bd8 33. f4 exf4 34.
Nxf4+ Kf6 35. g3 Kf7 36. Kd5 Kf6 37. Kd6 Kf5 38. Kd7 Bg5 39. Kc7 Bxf4+ 40. gxf4
Kxf4 41. Kxb6 g5 42. Kxa5 g4 43. b4 cxb4 44. Kxb4 h4 45. c5 g3 46. hxg3+ hxg3
47. c6 g2 48. c7 g1=Q 49. c8=Q Qb6+ 50. Kc4 Ke5 51. Qc5+ 1-0

[Event "Jiraskuv memorial A"]
[Site "Rakovnik"]
[Date "2012.08.05"]
[Round "2"]
[White "Haman, Jakub"]
[Black "Nemec, David"]
[Result "1-0"]
[WhiteElo "2137"]
[BlackElo "2017"]
[Annotator "Lev,Pavel"]
[PlyCount "71"]
[EventDate "2012.08.??"]
[EventType "swiss"]
[EventRounds "9"]
[EventCountry "CZE"]

1. e4 d6 2. d4 e5 3. dxe5 dxe5 4. Qxd8+ Kxd8 5. Nf3 f6 6. Be3 Be6 7. Nc3 c6 8.
O-O-O+ Kc7 9. Nd2 Bb4 10. Bc4 Bxc4 11. Nxc4 b5 12. Nd2 Nd7 13. Nb3 Ne7 14. Rd3
Nc8 15. Rhd1 Ncb6 16. a3 Be7 17. Na5 Rad8 18. Na2 Nb8 19. Nb4 Rxd3 20. Rxd3
Bxb4 21. axb4 Rd8 22. Rc3 g6 23. f4 Rd7 24. g4 f5 25. gxf5 gxf5 26. fxe5 fxe4
27. e6 Rg7 28. Bf4+ Kc8 29. Bxb8 Kxb8 30. e7 Rg8 31. Nxc6+ Ka8 32. b3 Re8 33.
Rc5 a6 34. Rf5 Nc8 35. Rf8 Nd6 36. Ne5 1-0

[Event "Jiraskuv memorial A"]
[Site "Rakovnik"]
[Date "2012.08.05"]
[Round "2"]
[White "Hajsman, Ladislav"]
[Black "Hansch, Torsten"]
[Result "0-1"]
[WhiteElo "1767"]
[BlackElo "2080"]
[Annotator "Lev,Pavel"]
[PlyCount "106"]
[EventDate "2012.08.??"]
[EventType "swiss"]
[EventRounds "9"]
[EventCountry "CZE"]

1. d4 Nf6 2. c4 e6 3. Nc3 d5 4. Bg5 Be7 5. e3 O-O 6. Nf3 Nbd7 7. Rc1 c6 8. Bd3
dxc4 9. Bxc4 Nd5 10. Bxe7 Qxe7 11. Ne4 N5f6 12. Ng3 e5 13. Nf5 Qb4+ 14. Qd2
Qxd2+ 15. Nxd2 exd4 16. Nxd4 Ne5 17. O-O Bg4 18. f3 Bd7 19. e4 Rad8 20. Rfd1
Bc8 21. N2b3 g5 22. Be2 Rfe8 23. Nc5 Kf8 24. b4 Rd6 25. a4 Red8 26. Ncb3 b6 27.
Kf2 Nh5 28. g3 Ng7 29. Ke3 Ne6 30. Nf5 Rxd1 31. Rxd1 Nc4+ 32. Kf2 Rxd1 33. Bxd1
Nb2 34. Bc2 Ba6 35. Nbd4 Nxd4 36. Nxd4 Bd3 37. Bb3 c5 38. bxc5 bxc5 39. Nb5 c4
40. Ba2 Nxa4 41. Ke3 a6 42. Na3 Nb6 43. Kd4 Ke7 44. Bxc4 Nxc4 45. Nxc4 Bxc4 46.
Kxc4 Kd6 47. f4 gxf4 48. gxf4 Kc6 49. e5 h5 50. f5 h4 51. h3 a5 52. e6 fxe6 53.
fxe6 Kd6 0-1

[Event "Jiraskuv memorial A"]
[Site "Rakovnik"]
[Date "2012.08.05"]
[Round "2"]
[White "Masek, Jan"]
[Black "Horyna, Josef"]
[Result "1/2-1/2"]
[WhiteElo "1949"]
[BlackElo "1878"]
[Annotator "Lev,Pavel"]
[PlyCount "120"]
[EventDate "2012.08.??"]
[EventType "swiss"]
[EventRounds "9"]
[EventCountry "CZE"]

1. e4 e6 2. d4 d5 3. Nd2 Nf6 4. e5 Nfd7 5. Bd3 c5 6. c3 Nc6 7. Ngf3 cxd4 8.
cxd4 Qb6 9. O-O f6 10. exf6 Nxf6 11. Re1 Be7 12. Nb3 Bd7 13. Ne5 Rc8 14. Nxd7
Kxd7 15. Bg5 Na5 16. Nxa5 Qxa5 17. Qe2 Qb6 18. Bb5+ Kd8 19. Qxe6 Qxe6 20. Rxe6
h6 21. Bh4 a6 22. Bd3 Rc6 23. Rxc6 bxc6 24. Bxa6 Kd7 25. Bd3 Rb8 26. b3 Rb4 27.
Bf5+ Kd8 28. Rd1 c5 29. f3 Rxd4 30. Rxd4 cxd4 31. Kf1 Bd6 32. Ke2 Bxh2 33. Bf2
Be5 34. g3 g5 35. Bg6 Nd7 36. g4 Kc7 37. Be1 Bf6 38. Bb4 Ne5 39. Bd3 Bg7 40.
Bc5 Nd7 41. Be7 Kb6 42. a4 Bf6 43. Bxf6 Nxf6 44. b4 h5 45. gxh5 Nxh5 46. Kd2
Nf4 47. Kc2 Ng2 48. Be2 Nf4 49. Bd1 Ka6 50. Kb3 Kb6 51. a5+ Kb7 52. b5 Nd3 53.
Kc2 Ne5 54. Be2 d3+ 55. Bxd3 Nxf3 56. Bf1 g4 57. Kd3 g3 58. Ke2 Nd4+ 59. Ke3 g2
60. Bxg2 Nxb5 1/2-1/2

[Event "Jiraskuv memorial A"]
[Site "Rakovnik"]
[Date "2012.08.05"]
[Round "2"]
[White "Kotrba, Matej"]
[Black "Misicko, Jan"]
[Result "1/2-1/2"]
[WhiteElo "1961"]
[BlackElo "2045"]
[Annotator "Lev,Pavel"]
[PlyCount "37"]
[EventDate "2012.08.??"]
[EventType "swiss"]
[EventRounds "9"]
[EventCountry "CZE"]

1. e4 c5 2. Nc3 e6 3. f4 d5 4. Nf3 dxe4 5. Nxe4 Nf6 6. Bb5+ Bd7 7. Bxd7+ Nbxd7
8. d3 Nxe4 9. dxe4 Nf6 10. Qe2 Qb6 11. O-O Be7 12. Kh1 O-O 13. b3 Rfd8 14. Bb2
Qc6 15. Rae1 Rac8 16. c4 Qd7 17. Rd1 Qc6 18. Rde1 Qd7 19. Rd1 1/2-1/2

[Event "Jiraskuv memorial A"]
[Site "Rakovnik"]
[Date "2012.08.05"]
[Round "2"]
[White "Hinz, Frantisek"]
[Black "Cozl, David"]
[Result "1-0"]
[WhiteElo "1902"]
[BlackElo "2044"]
[Annotator "Lev,Pavel"]
[PlyCount "46"]
[EventDate "2012.08.??"]
[EventType "swiss"]
[EventRounds "9"]
[EventCountry "CZE"]

1. d4 d5 2. Nf3 Nf6 3. c4 c6 4. Nc3 dxc4 5. e4 e6 6. Bxc4 Be7 7. O-O O-O 8. Be3
b6 9. Qe2 Bb7 10. Rfd1 Qc8 11. Rac1 b5 12. Bd3 Qd8 13. Bb1 Nbd7 14. d5 cxd5 15.
Qxb5 dxe4 16. Qxb7 Rb8 17. Qc6 Rc8 18. Qa4 exf3 19. gxf3 a5 20. Ne4 Nd5 21.
Rxc8 Qxc8 22. Qxa5 f5 23. Nc3 Bb4 1-0

[Event "Jiraskuv memorial A"]
[Site "Rakovnik"]
[Date "2012.08.05"]
[Round "2"]
[White "Volek, Stanislav"]
[Black "Dungl, Petr"]
[Result "1/2-1/2"]
[WhiteElo "1861"]
[BlackElo "1861"]
[Annotator "Lev,Pavel"]
[PlyCount "35"]
[EventDate "2012.08.??"]
[EventType "swiss"]
[EventRounds "9"]
[EventCountry "CZE"]

1. d4 Nf6 2. Nf3 e6 3. Bg5 c5 4. e3 Qb6 5. Qc1 Ne4 6. Bf4 Nc6 7. Bd3 d5 8. c3
Nf6 9. Nbd2 Be7 10. O-O Nh5 11. Be5 f6 12. dxc5 Bxc5 13. Bd4 e5 14. Bxc5 Qxc5
15. e4 Nf4 16. Qc2 Nxd3 17. Qxd3 Be6 18. exd5 1/2-1/2

[Event "Jiraskuv memorial A"]
[Site "Rakovnik"]
[Date "2012.08.05"]
[Round "2"]
[White "Simecek, Bohumil"]
[Black "Lavrincik, Pavel"]
[Result "1-0"]
[WhiteElo "2111"]
[BlackElo "1898"]
[Annotator "Lev,Pavel"]
[PlyCount "59"]
[EventDate "2012.08.??"]
[EventType "swiss"]
[EventRounds "9"]
[EventCountry "CZE"]

1. d4 d6 2. c4 e5 3. Nc3 c6 4. e4 Nf6 5. Nf3 Nbd7 6. Be2 Be7 7. O-O O-O 8. Re1
Qc7 9. Bf1 Re8 10. Rb1 a5 11. a3 Nf8 12. h3 exd4 13. Nxd4 Ne6 14. Nf5 Bf8 15.
b4 axb4 16. axb4 g6 17. Nh6+ Kg7 18. Ng4 Nxg4 19. hxg4 Kg8 20. Be3 Bg7 21. Qd2
Ra3 22. Rec1 Qe7 23. Qb2 Ra8 24. Rd1 Ng5 25. f3 Qe5 26. Rbc1 Qg3 27. Bxg5 Be5
28. f4 Bxg4 29. Rd3 Bf3 30. Rxf3 1-0

[Event "Jiraskuv memorial A"]
[Site "Rakovnik"]
[Date "2012.08.05"]
[Round "2"]
[White "Tejkal, Jiri"]
[Black "Hadzala, Daniel"]
[Result "1/2-1/2"]
[WhiteElo "1929"]
[BlackElo "2127"]
[Annotator "Lev,Pavel"]
[PlyCount "66"]
[EventDate "2012.08.??"]
[EventType "swiss"]
[EventRounds "9"]
[EventCountry "CZE"]

1. d4 Nf6 2. c4 d6 3. Nc3 e5 4. Nf3 Nbd7 5. e4 c6 6. Be2 Be7 7. O-O O-O 8. Re1
Qc7 9. Bf1 Re8 10. h3 exd4 11. Qxd4 Ne5 12. Be2 Nfd7 13. Bf4 a5 14. Rad1 Bf8
15. b3 Nc5 16. Bg3 Bd7 17. Nd2 Ne6 18. Qe3 g5 19. c5 dxc5 20. Nc4 Nxc4 21. Bxc4
Nf4 22. e5 b5 23. Ne4 Be7 24. Bf1 Bf5 25. Bxf4 gxf4 26. Qxf4 Bg6 27. Nd6 Bxd6
28. exd6 Qd7 29. Rxe8+ Rxe8 30. g3 Re4 31. Qf6 Re6 32. Qf4 Re4 33. Qf6 Re6
1/2-1/2

[Event "Jiraskuv memorial A"]
[Site "Rakovnik"]
[Date "2012.08.05"]
[Round "2"]
[White "Trnka, Miroslav"]
[Black "Wasserbauer, Radek"]
[Result "1-0"]
[WhiteElo "2012"]
[BlackElo "2199"]
[Annotator "Lev,Pavel"]
[PlyCount "107"]
[EventDate "2012.08.??"]
[EventType "swiss"]
[EventRounds "9"]
[EventCountry "CZE"]

1. d4 Nf6 2. c4 e5 3. dxe5 Ng4 4. Bf4 Bc5 5. e3 h5 6. h4 Qe7 7. a3 a5 8. Nc3
Nxe5 9. Nd5 Qd6 10. Nf3 Nbc6 11. Nd4 O-O 12. Be2 Qg6 13. O-O d6 14. Nxc6 Nxc6
15. Bxh5 Qh7 16. Nxc7 Rb8 17. Bg3 Bf5 18. Rc1 Ne5 19. Nd5 Rbe8 20. Be2 Nd3 21.
Bxd3 Bxd3 22. b4 axb4 23. axb4 Bxb4 24. Nxb4 Bxf1 25. Qxf1 Re6 26. Rd1 Rc8 27.
Rd4 Qh6 28. Qd1 Qg6 29. Nd5 Re4 30. Rxe4 Qxe4 31. Bxd6 Rxc4 32. Ne7+ Kf8 33.
Nf5+ Kg8 34. Ne7+ Kf8 35. Ng6+ Kg8 36. Nf4 b5 37. Qd5 Qxd5 38. Nxd5 Rxh4 39.
Kf1 f6 40. Ke2 Kf7 41. Nc7 b4 42. Kd3 Rh1 43. Bxb4 Rh2 44. f4 Rxg2 45. e4 Rg3+
46. Kd4 g5 47. f5 Rf3 48. Nd5 g4 49. Ne3 Rg3 50. Be1 Rg1 51. Bf2 Ra1 52. Nxg4
Ra4+ 53. Ke3 Ra3+ 54. Kf4 1-0